Władze partyjne i państwowe województwa szczecińskiego wobec obchodów Tysiąclecia Chrztu Polski
| Titel: | Władze partyjne i państwowe województwa szczecińskiego wobec obchodów Tysiąclecia Chrztu Polski |
|---|---|
| Verfasser: | |
| In: |
Millenium polskie, (2002), Seite 111-120 alle Artikel anzeigen |
| Veröffentlicht: | 2002 |
| Format: | Aufsatz |
| Sprache: | Polnisch |
X
alg: 39361908 001A $01999:12-11-16 001B $01999:07-04-21 $t19:49:50.000 001D $01999:12-11-16 001U $0utf8 001X $00 002@ $0Aox 003@ $0393619087 007A $0393619087 $aHEB 007T $0Herdk25581 010@ $apol 011@ $a2002 021A $aWładze partyjne i państwowe województwa szczecińskiego wobec obchodów Tysiąclecia Chrztu Polski 028A $7132001853 $8Kozłowski, Kazimierz$Z1942- [Tp1] $9180624040 031A $h111-120 $j2002 039B $aIn $8--Aax--. Millenium polskie. - Warszawa : Pax, 2002. - 185, nlb. 3 $x200200000000000889 $9395576865 045F $a900.94380904 $eDDC23BSB 045F/01 $a900 045F/03 $f0904 045F/03 $g438 lok: 39361908 78 exp: 39361908 78 1 #EPN 201B/01 $010-10-18 $t22:43:58.000 201U/01 $0utf8 203@/01 $0789729571 208@/01 $a12-11-16 $be 209A/01 $a/ $f000 $x00 220C/01 $aTitelaufnehmer: pbb 220C/01 $aHerkunft: IH PAN/PBB Kraków 244Z/01 $2Trx $#Poola $#Lenkija $#Polija $#Polen Land $#Poland $#Lengyelország $#Poľsko $#Polsko $8--Trx--Polska$gkraj $x01 $9391345966 244Z/01 $#Stettin (Woiwodschaft) $#Stettin Woiwodschaft $#Stettin Województwo $#Województwo szczecińskie $#Szcecin Województwo $74488412-6 $8--Tg1--Woiwodschaft Stettin $x02 $908909199X 244Z/01 $aGeschichte 1966 $x03 244Z/01 $2Trx $#aastapäevad ja puhkepäevad $#šventės ir atmintinos dienos $#national holidays $#emlék- és ünnepnapok $#jubileusze i rocznice $#výročia a sviatky $#výročí a svátky $#Jubiläen $#Feiertage $#rocznice $#jubileá $#jubilea $8--Trx--Gedenk- und Feiertage $x04 $9391383027 244Z/01 $2Trx $#ristiusustamine $#christianizacija $#christian missons $#keresztényesítés $#chrystianizacja $#christianizácia $#christianizace $8--Trx--Christianisierung $x05 $9391365525 244Z/01 $2Trx $8--Trx--Einzelbeiträge $x06 $9391384570 245Z/01 $a13.03 $x01 245Z/01 $a06.04.04 $x02 247C/01 $82080>Marburg/Lahn, Herder-Institut, Forschungsbibliothek, Bibliographieportal $9336309341
| LEADER | 00000caa a22000002c 4500 | ||
|---|---|---|---|
| 001 | 393619087 | ||
| 003 | DE-603 | ||
| 005 | 20210407194950.0 | ||
| 007 | tu | ||
| 008 | 161112s2002 xx |||| | u00||u|pol c | ||
| 035 | |a (DE-599)HEB393619087 | ||
| 040 | |a DE-603 |b ger |c DE-603 |d DE-603 | ||
| 041 | |a pol | ||
| 082 | 0 | 4 | |8 1\u |a 900.94380904 |q DE-101 |2 23/BSB |
| 085 | |8 1\u |b 900 | ||
| 085 | |8 1\u |z 1 |s 0904 | ||
| 085 | |8 1\u |z 2 |s 438 | ||
| 100 | 1 | |a Kozłowski, Kazimierz |d 1942- |0 (DE-603)180624040 |0 (DE-588)132001853 |2 gnd | |
| 245 | 0 | 0 | |a Władze partyjne i państwowe województwa szczecińskiego wobec obchodów Tysiąclecia Chrztu Polski |
| 264 | 0 | |c 2002 | |
| 773 | 0 | 8 | |i In |t Millenium polskie |d Warszawa : Pax, 2002 |h 185, nlb. 3, 8° |g (2002), Seite 111-120 |w (DE-603)395576865 |
| 924 | 0 | |9 2080 |a (DE-603)789729571 |b DE-2080 |c HES |d d |g / | |


